| 000 | 00519nam a22001697a 4500 | ||
|---|---|---|---|
| 003 | OSt | ||
| 005 | 20251206031545.0 | ||
| 008 | 251206b |||||||| |||| 00| 0 eng d | ||
| 020 | _a0-916730-99-9. | ||
| 040 |
_aDWCL-Main lib. _cOC |
||
| 082 | _aCirc. 610.7361 Em53 1986 | ||
| 245 | _aEmergency care handbook/ | ||
| 260 |
_aPennsylvania : _b Springhouse Corporation, _cc1986. |
||
| 300 |
_avii, 551 p. : _b ill. ; _c20 cm. |
||
| 650 | _aEmergency nursing-Handbooks, manuals, etc. | ||
| 942 |
_2ddc _cBK-CIRC _hCirc. _n0 |
||
| 999 |
_c6993 _d6993 |
||